MARC details
| 000 -LEADER |
| fixed length control field |
05962nam a22009255i 4500 |
| 005 - DATE AND TIME OF LATEST TRANSACTION |
| control field |
20230718140323.0 |
| 006 - FIXED-LENGTH DATA ELEMENTS--ADDITIONAL MATERIAL CHARACTERISTICS |
| fixed length control field |
m|||||o||d|||||||| |
| 007 - PHYSICAL DESCRIPTION FIXED FIELD--GENERAL INFORMATION |
| fixed length control field |
cr || |||||||| |
| 008 - FIXED-LENGTH DATA ELEMENTS--GENERAL INFORMATION |
| fixed length control field |
221201t20212021gw fo d z ger d |
| 020 ## - INTERNATIONAL STANDARD BOOK NUMBER |
| International Standard Book Number |
9783839458693 |
| 040 ## - CATALOGING SOURCE |
| Original cataloging agency |
DE-B1597 |
| Language of cataloging |
eng |
| Transcribing agency |
DE-B1597 |
| Description conventions |
rda |
| 041 0# - LANGUAGE CODE |
| Language code of text/sound track or separate title |
ger |
| 245 00 - TITLE STATEMENT |
| Title |
Gott, Gaia und eine neue Gesellschaft : |
| Remainder of title |
Theologie anders denken mit Bruno Latour / |
| Statement of responsibility, etc. |
hrsg. von Christian Bauer, Daniel Bogner, Michael Schüßler. |
| 264 #1 - PRODUCTION, PUBLICATION, DISTRIBUTION, MANUFACTURE, AND COPYRIGHT NOTICE |
| Place of production, publication, distribution, manufacture |
Bielefeld : |
| Name of producer, publisher, distributor, manufacturer |
transcript Verlag, |
| Date of production, publication, distribution, manufacture, or copyright notice |
[2021] |
| 264 #4 - PRODUCTION, PUBLICATION, DISTRIBUTION, MANUFACTURE, AND COPYRIGHT NOTICE |
| Date of production, publication, distribution, manufacture, or copyright notice |
©2021 |
| 300 ## - PHYSICAL DESCRIPTION |
| Extent |
1 online resource (286 p.) |
| 336 ## - CONTENT TYPE |
| Content type term |
text |
| Content type code |
txt |
| Source |
rdacontent |
| 337 ## - MEDIA TYPE |
| Media type term |
computer |
| Media type code |
c |
| Source |
rdamedia |
| 338 ## - CARRIER TYPE |
| Carrier type term |
online resource |
| Carrier type code |
cr |
| Source |
rdacarrier |
| 347 ## - DIGITAL FILE CHARACTERISTICS |
| File type |
text file |
| Encoding format |
PDF |
| Source |
rda |
| 490 0# - SERIES STATEMENT |
| Series statement |
Religionswissenschaft ; |
| Volume/sequential designation |
28 |
| 505 00 - FORMATTED CONTENTS NOTE |
| Title |
Frontmatter -- |
| -- |
Inhalt -- |
| -- |
Einleitung -- |
| -- |
I. Ander(e)s denken mit Latour: Erkenntnistheorie und Theologie -- |
| -- |
Sci scires donum Dei. Ambivalenzen des Beobachtens oder: An der Quelle der Sozialität -- |
| -- |
Ist das alles? Die Dinge theologisch denken mit Bruno Latour -- |
| -- |
Ameisenwege und Ligaturen. Praktisch-theologische Verunreinigungsarbeit nach Bruno Latours Akteur-Netzwerk-Theorie. Ein Essay -- |
| -- |
Die Universalität liegt nicht hinter uns, sie steht uns bevor. Christliche Theologie im Dialog mit Latour -- |
| -- |
II. Gott, Gaia und eine digitale Gesellschaft: Latours Schöpfung(en) -- |
| -- |
Theologie der Erde? Umrisse einer terrestrischen Rede von Gott -- |
| -- |
Latours hybride Schöpfung: Transformationen einer Theologie der Digitalität -- |
| -- |
Impulse aus Bruno Latours Wissenschaftsforschung für den Dialog zwischen Naturwissenschaft und Theologie -- |
| -- |
»Biopolitik als Anthropopolitik«. Theologische Ethik vor der Herausforderung des Transhumanismus -- |
| -- |
III. Wie (nicht) von Gott sprechen: Über religiöse Rede -- |
| -- |
Das Evangelium als Legende. Eine pastoraltheologische Lesart von Bruno Latours Jubilieren -- |
| -- |
Präsenz im Religionsunterricht - mit Bruno Latour an der Seite -- |
| -- |
Autor*innen |
| 506 0# - RESTRICTIONS ON ACCESS NOTE |
| Standardized terminology for access restriction |
unrestricted online access |
| Source of term |
star |
| 520 ## - SUMMARY, ETC. |
| Summary, etc. |
Wie lesen und deuten wir die Welt, in der wir leben? Wer ist der Mensch als Gegenüber von Natur und Technik? Welcher Unterschied liegt in den Selbstzuschreibungen »religiös« oder »gläubig«? Mit der Akteur-Netzwerk-Theorie und einer Auflösung der klassischen Gegenüberstellung von Natur und Kultur ist das Denken Bruno Latours zu einer gefragten Ressource in gegenwärtigen Debatten geworden. Die Beiträger*innen des Bandes gehen seinem Anspruch nach, eine »symmetrische« Anthropologie zu entwerfen, in der Materiellem ein mitentscheidender Platz für die Wert- und Urteilsbildung zukommt - denn dieses Denken gibt auch der Theologie wertvolle Impulse. |
| 536 ## - FUNDING INFORMATION NOTE |
| Text of note |
funded by Swiss National Science Foundation (SNSF) |
| 538 ## - SYSTEM DETAILS NOTE |
| System details note |
Mode of access: Internet via World Wide Web. |
| 540 ## - TERMS GOVERNING USE AND REPRODUCTION NOTE |
| Terms governing use and reproduction |
This eBook is made available Open Access under a CC BY 4.0 license: |
| Uniform Resource Identifier |
<a href="https://creativecommons.org/licenses/by/4.0 ">https://creativecommons.org/licenses/by/4.0 </a> |
| -- |
<a href="https://www.degruyter.com/dg/page/open-access-policy">https://www.degruyter.com/dg/page/open-access-policy</a> |
| 546 ## - LANGUAGE NOTE |
| Language note |
In German. |
| 588 0# - SOURCE OF DESCRIPTION NOTE |
| Source of description note |
Description based on online resource; title from PDF title page (publisher's Web site, viewed 01. Dez 2022) |
| 650 #0 - SUBJECT ADDED ENTRY--TOPICAL TERM |
| Topical term or geographic name entry element |
Theology |
| General subdivision |
Social aspects. |
| 650 #4 - SUBJECT ADDED ENTRY--TOPICAL TERM |
| Topical term or geographic name entry element |
Akteur-Netzwerk-Theorie. |
| 650 #4 - SUBJECT ADDED ENTRY--TOPICAL TERM |
| Topical term or geographic name entry element |
Anthropologie. |
| 650 #4 - SUBJECT ADDED ENTRY--TOPICAL TERM |
| Topical term or geographic name entry element |
Bruno Latour. |
| 650 #4 - SUBJECT ADDED ENTRY--TOPICAL TERM |
| Topical term or geographic name entry element |
Gesellschaft. |
| 650 #4 - SUBJECT ADDED ENTRY--TOPICAL TERM |
| Topical term or geographic name entry element |
Glaube. |
| 650 #4 - SUBJECT ADDED ENTRY--TOPICAL TERM |
| Topical term or geographic name entry element |
Kultur. |
| 650 #4 - SUBJECT ADDED ENTRY--TOPICAL TERM |
| Topical term or geographic name entry element |
Moderne. |
| 650 #4 - SUBJECT ADDED ENTRY--TOPICAL TERM |
| Topical term or geographic name entry element |
Natur. |
| 650 #4 - SUBJECT ADDED ENTRY--TOPICAL TERM |
| Topical term or geographic name entry element |
Neuer Materialismus. |
| 650 #4 - SUBJECT ADDED ENTRY--TOPICAL TERM |
| Topical term or geographic name entry element |
Praxistheorie. |
| 650 #4 - SUBJECT ADDED ENTRY--TOPICAL TERM |
| Topical term or geographic name entry element |
Religionssoziologie. |
| 650 #4 - SUBJECT ADDED ENTRY--TOPICAL TERM |
| Topical term or geographic name entry element |
Religionswissenschaft. |
| 650 #4 - SUBJECT ADDED ENTRY--TOPICAL TERM |
| Topical term or geographic name entry element |
Säkularität. |
| 650 #4 - SUBJECT ADDED ENTRY--TOPICAL TERM |
| Topical term or geographic name entry element |
Technik. |
| 650 #7 - SUBJECT ADDED ENTRY--TOPICAL TERM |
| Topical term or geographic name entry element |
RELIGION / General. |
| Source of heading or term |
bisacsh |
| 653 ## - INDEX TERM--UNCONTROLLED |
| Uncontrolled term |
Actor-network-theory. |
| 653 ## - INDEX TERM--UNCONTROLLED |
| Uncontrolled term |
Anthropology. |
| 653 ## - INDEX TERM--UNCONTROLLED |
| Uncontrolled term |
Belief. |
| 653 ## - INDEX TERM--UNCONTROLLED |
| Uncontrolled term |
Bruno Latour. |
| 653 ## - INDEX TERM--UNCONTROLLED |
| Uncontrolled term |
Culture. |
| 653 ## - INDEX TERM--UNCONTROLLED |
| Uncontrolled term |
Modernity. |
| 653 ## - INDEX TERM--UNCONTROLLED |
| Uncontrolled term |
Nature. |
| 653 ## - INDEX TERM--UNCONTROLLED |
| Uncontrolled term |
New Materialism. |
| 653 ## - INDEX TERM--UNCONTROLLED |
| Uncontrolled term |
Practice Theory. |
| 653 ## - INDEX TERM--UNCONTROLLED |
| Uncontrolled term |
Religious Studies. |
| 653 ## - INDEX TERM--UNCONTROLLED |
| Uncontrolled term |
Secularity. |
| 653 ## - INDEX TERM--UNCONTROLLED |
| Uncontrolled term |
Society. |
| 653 ## - INDEX TERM--UNCONTROLLED |
| Uncontrolled term |
Sociology of Religion. |
| 653 ## - INDEX TERM--UNCONTROLLED |
| Uncontrolled term |
Technology. |
| 700 1# - ADDED ENTRY--PERSONAL NAME |
| Personal name |
Altmeyer, Stefan, |
| Relator term |
contributor. |
| Relator code |
ctb |
| -- |
https://id.loc.gov/vocabulary/relators/ctb |
| 700 1# - ADDED ENTRY--PERSONAL NAME |
| Personal name |
Bauer, Christian, |
| Relator term |
contributor. |
| Relator code |
ctb |
| -- |
https://id.loc.gov/vocabulary/relators/ctb |
| 700 1# - ADDED ENTRY--PERSONAL NAME |
| Personal name |
Bauer, Christian, |
| Relator term |
editor. |
| Relator code |
edt |
| -- |
http://id.loc.gov/vocabulary/relators/edt |
| 700 1# - ADDED ENTRY--PERSONAL NAME |
| Personal name |
Bogner, Daniel, |
| Relator term |
contributor. |
| Relator code |
ctb |
| -- |
https://id.loc.gov/vocabulary/relators/ctb |
| 700 1# - ADDED ENTRY--PERSONAL NAME |
| Personal name |
Bogner, Daniel, |
| Relator term |
editor. |
| Relator code |
edt |
| -- |
http://id.loc.gov/vocabulary/relators/edt |
| 700 1# - ADDED ENTRY--PERSONAL NAME |
| Personal name |
Burke, Andree, |
| Relator term |
contributor. |
| Relator code |
ctb |
| -- |
https://id.loc.gov/vocabulary/relators/ctb |
| 700 1# - ADDED ENTRY--PERSONAL NAME |
| Personal name |
Gronover, Matthias, |
| Relator term |
contributor. |
| Relator code |
ctb |
| -- |
https://id.loc.gov/vocabulary/relators/ctb |
| 700 1# - ADDED ENTRY--PERSONAL NAME |
| Personal name |
Lehmann, Maren, |
| Relator term |
contributor. |
| Relator code |
ctb |
| -- |
https://id.loc.gov/vocabulary/relators/ctb |
| 700 1# - ADDED ENTRY--PERSONAL NAME |
| Personal name |
Riedl, Anna Maria, |
| Relator term |
contributor. |
| Relator code |
ctb |
| -- |
https://id.loc.gov/vocabulary/relators/ctb |
| 700 1# - ADDED ENTRY--PERSONAL NAME |
| Personal name |
Schweighofer, Teresa, |
| Relator term |
contributor. |
| Relator code |
ctb |
| -- |
https://id.loc.gov/vocabulary/relators/ctb |
| 700 1# - ADDED ENTRY--PERSONAL NAME |
| Personal name |
Schüßler, Michael, |
| Relator term |
contributor. |
| Relator code |
ctb |
| -- |
https://id.loc.gov/vocabulary/relators/ctb |
| 700 1# - ADDED ENTRY--PERSONAL NAME |
| Personal name |
Schüßler, Michael, |
| Relator term |
editor. |
| Relator code |
edt |
| -- |
http://id.loc.gov/vocabulary/relators/edt |
| 700 1# - ADDED ENTRY--PERSONAL NAME |
| Personal name |
Seip, Jörg, |
| Relator term |
contributor. |
| Relator code |
ctb |
| -- |
https://id.loc.gov/vocabulary/relators/ctb |
| 700 1# - ADDED ENTRY--PERSONAL NAME |
| Personal name |
Trawöger, Sibylle, |
| Relator term |
contributor. |
| Relator code |
ctb |
| -- |
https://id.loc.gov/vocabulary/relators/ctb |
| 710 2# - ADDED ENTRY--CORPORATE NAME |
| Corporate name or jurisdiction name as entry element |
Swiss National Science Foundation (SNSF) |
| Relator term |
funder. |
| Relator code |
fnd |
| -- |
http://id.loc.gov/vocabulary/relators/fnd |
| 776 0# - ADDITIONAL PHYSICAL FORM ENTRY |
| Qualifying information |
print |
| International Standard Book Number |
9783837658699 |
| 856 40 - ELECTRONIC LOCATION AND ACCESS |
| Uniform Resource Identifier |
<a href="https://doi.org/10.1515/9783839458693?locatt=mode:legacy">https://doi.org/10.1515/9783839458693?locatt=mode:legacy</a> |
| Public note |
Open Access |
| -- |
0 |
| 856 40 - ELECTRONIC LOCATION AND ACCESS |
| Uniform Resource Identifier |
<a href="https://www.degruyter.com/isbn/9783839458693">https://www.degruyter.com/isbn/9783839458693</a> |
| Public note |
Open Access |
| -- |
0 |
| 856 42 - ELECTRONIC LOCATION AND ACCESS |
| Materials specified |
Cover |
| Uniform Resource Identifier |
<a href="https://www.degruyter.com/document/cover/isbn/9783839458693/original">https://www.degruyter.com/document/cover/isbn/9783839458693/original</a> |
| 942 ## - ADDED ENTRY ELEMENTS (KOHA) |
| Koha item type |
E-Book |